000 00587cam a2200169 a 4500
001 000004348
005 20200929151428.0
008 980212s1960 xxu 000 0 eng d
040 _aDO-SdBNP
_bspa
_cBNPHU
082 _a812.4
_bJ27h
100 1 _aJames, Henry,
_d1843-1916.
_912819
245 1 0 _aHenry James Guy Domville :
_bplay in three acts /
_cHenry James; comentario de Bernard Shaw, H.G. Wells y Arnold Bennett.
260 _aPhiladelphia :
_bJ.B. Lippincott,
_c1960.
300 _a220 p. ;
_c18 cm.
650 4 _aTeatro estadounidense
_94929
650 4 _aLiteratura estadounidense
_9263
999 _c4157
_d4157